000 03195cam a2200373 4500500
005 20260111113157.0
041 _afre
042 _adc
100 1 0 _aBertrand, François
_eauthor
700 1 0 _aPetit, Sandrine
_eauthor
700 1 0 _aVergote, Marie-Hélène
_eauthor
700 1 0 _aBrayer, Jean-Marc
_eauthor
245 0 0 _aDesign territorial et changement climatique : innover pour s’adapter à une ressource en eau incertaine
260 _c2017.
500 _a80
520 _aComment des collectifs locaux de gouvernance de l’eau peuvent-ils s’approprier les questions d’adaptation à une ressource perturbée par le changement climatique ? Des « ateliers du climat », organisés sur deux territoires en Bourgogne ont été observés. Se référant aux méthodes de « design territorial », ils ont réuni acteurs locaux et chercheurs afin d’initier une réflexion collective sur l’adaptation de la gestion de l’eau aux effets du changement climatique. Ils ont représenté un exercice de participation décalé par rapport aux Commissions Locales de l’Eau qui constituent le cadre institutionnel de la gouvernance locale de l’eau. L’adoption d’un mode interprétatif a permis une circulation et une hybridation des savoirs entre scientifiques et profanes. Cette recherche-action apporte des enseignements sur les conditions du dialogue entre scientifiques et acteurs, l’intérêt des méthodes de design territorial pour traiter des incertitudes et sur les conceptions de l’adaptation de la gestion de l’eau.Codes JEL : Q2, Q5
520 _aHow can local collectives for water governance appropriate the issues of adaptation to water resources modified by climate change? The “Climate workshops” held on two territories in Burgundy were observed. Referring to the methods of «territorial design», they gathered local actors and researchers to introduce a collective debate on the adaptation of the water management according to the climate change effects. They represented an unusual participation time, compared to Local Water Commissions which are, in France, the institutional framework of the local water governance. The adoption of an interpretative mode allowed knowledge circulation and hybridization between scientists and local stakeholders. This action-research provides lessons on ways of establishing a dialogue among scientists and non-scientists, the implementation of territorial design methods to deal with uncertainty and a better understanding of representations of adaptation for water management.JEL Codes: Q2, Q5
690 _aadaptation
690 _abassin versant
690 _aBourgogne
690 _achangement climatique
690 _adesign territorial
690 _agestion de l’eau
690 _arecherche-action
690 _aaction-research
690 _aadaptation
690 _aBurgundy
690 _aclimate change
690 _aterritorial design
690 _awater supply
690 _awatershed
786 0 _nInnovations | 54 | 3 | 2017-09-06 | p. 41-63 | 1267-4982
856 4 1 _uhttps://shs.cairn.info/revue-innovations-2017-3-page-41?lang=fr&redirect-ssocas=7080
999 _c1632589
_d1632589